မြန့်မာဆိုရှယ်လစ်လမ်းစဉ်ပါတီ၏ ဝေါဟာရများရှင့်လင်းချက် / (Record no. 27086)

000 -LEADER
fixed length control field 00934nam a22001817a 4500
005 - DATE AND TIME OF LATEST TRANSACTION
control field 20260124092722.0
008 - FIXED-LENGTH DATA ELEMENTS--GENERAL INFORMATION
fixed length control field 230712b ||||| |||| 00| 0 eng d
040 ## - CATALOGING SOURCE
Transcribing agency SSBUL
Modifying agency SSBUL
082 ## - DEWEY DECIMAL CLASSIFICATION NUMBER
Edition number 23
Classification number ၉၅၉.၁ မြန် ၁၆၁၃၃ (S-SAT)
245 ## - TITLE STATEMENT
Title မြန့်မာဆိုရှယ်လစ်လမ်းစဉ်ပါတီ၏ ဝေါဟာရများရှင့်လင်းချက် /
260 ## - PUBLICATION, DISTRIBUTION, ETC.
Place of publication, distribution, etc. ရန်ကုန်၊
Name of publisher, distributor, etc. ပါတီပုံနှိပ်တိုက်၊
Date of publication, distribution, etc. ၁၉၈၆။
300 ## - PHYSICAL DESCRIPTION
Extent ၇၀ စာမျက်နှာ၊
Dimensions ၂၂ စင်တီ။
500 ## - GENERAL NOTE
General note S-SAT: Dr. Prof Sai Aung Tun
650 ## - SUBJECT ADDED ENTRY--TOPICAL TERM
Topical term or geographic name entry element မြန်မာ့ဆိုရှယ်လစ်လမ်းစဉ်ပါတီ။
9 (RLIN) 27833
Topical term or geographic name entry element ဝေါဟာရများ။
9 (RLIN) 27834
651 ## - SUBJECT ADDED ENTRY--GEOGRAPHIC NAME
Geographic name မြန်မာနိုင်ငံ
General subdivision သမိုင်း။
9 (RLIN) 6190
942 ## - ADDED ENTRY ELEMENTS (KOHA)
Source of classification or shelving scheme
Koha item type Book (Short term)
Holdings
Withdrawn status Lost status Source of classification or shelving scheme Damaged status Not for loan Collection code Permanent Location Current Location Shelving location Date acquired Total Checkouts Full call number Barcode Date last seen Price effective from Koha item type Accession
          Special Collections Shan State Buddhist University Library Shan State Buddhist University Library Reference Shelves 12/07/2023   ၉၅၉.၁ မြန် ၁၆၁၃၃ (S-SAT) MB00016133 12/07/2023 12/07/2023 Book (Short term) ၁၆၁၃၃ (S-SAT)

Library - 09407999929
Admin Office - 09407999979
Dean Office - 09250910768
Registrar Office - 09892297154
Email - [email protected]
Shan State Buddhist University, Phaya Phyu Taunggyi, Shan State, Myanmar.